| 000 | 00934cam a2200277 4500 | ||
|---|---|---|---|
| 001 | 27437 | ||
| 003 | BD-RjUL | ||
| 005 | 20211209051144.0 | ||
| 008 | 140325s1967 enkbe b 001 0beng d | ||
| 035 | _a(BD-RjUL)27511 | ||
| 040 |
_aDLC _cDLC _dOCL _dUKM _dEQO _dBD-RjUL _beng |
||
| 041 | _aeng | ||
| 082 |
_a973.9220924 _bMAD 1967 |
||
| 100 | 1 |
_aManchester, William, _d1922-2004 _982598 |
|
| 245 | 1 | 4 |
_aThe death of a president: November 20-November 25, 1963 / _cby William Manchester. |
| 260 |
_aLondon : _bMichael Joseph, _c1967. |
||
| 300 |
_a784 p. : _bill. ; _c22 cm. |
||
| 500 | _aChronological table and col. map on endpapers. | ||
| 504 | _ainclude index and Bibliography: p. 741-759. | ||
| 600 | 1 | 0 |
_q, _985881 |
| 600 | 1 | 0 |
_aKennedy, John F. _q(John Fitzgerald), _d1917-1963. _985882 |
| 650 | 0 |
_aPresidents _zUnited States _vBiography. _984285 |
|
| 942 |
_2ddc _cBK |
||
| 999 |
_c27437 _d27437 |
||